000 00331nam a22001457a 4500
008 221104b ||||| |||| 00| 0 eng d
020 _a2901457636928
041 _aeng
080 _2THIRD EDITION
_a572
082 _a572 SCH
100 _a44.1
101 _aANT
245 _aA PORTABLE ANTHOLOGY
_cSCHAKEL P
942 _2udc
_cBK
999 _c58737
_d58737